Statystyki dla Najbardziej zarażone kraje koronowirusem A-Z

Kliknij tutaj aby rozwiązać quiz!

Ogólne statystyki

  • Ten quiz został rozwiązany 195 razy
  • Średni wynik to 12 z 21

Statystyki odpowiedzi

LiteraKraj% Poprawnych
CChiny
94%
WWłochy
80%
FFrancja
79%
JJaponia
74%
HHiszpania
72%
OOman
72%
ŁŁotwa
69%
DDania
68%
IIran
66%
NNiemcy
66%
AAustralia
58%
KKorea Południowa
56%
PPakistan
44%
RRumunia
43%
TTajlandia
40%
ZZjednoczone Emiraty
39%
EEkwador
35%
LLiban
29%
SSingapur
29%
MMalezja
28%
BBahrajn
27%

Rozkład punktacji

Percentyl według liczby udzielonych odpowiedzi

Procent ludzi z każdym wynikiem

Twoja historia wyników

Nie rozwiązałeś tego quizu